000 00596nam a2200193Ia 4500
005 20250326145131.0
008 250326s9999 xx 000 0 und d
037 _aTextbook
040 _aFMSL
_beng
_cFMSL
041 _aeng
_2eng
084 _aX:8 Q0
_qFMSL
100 _aRooney D
_9735188
245 0 _aWisdom and management in the knowledge economy; Wisdom and managment in the knowledge economy
_cRooney D And Others
260 _aLondon
_bLondon, Routledge
_c2010
365 _b4986.1000000000004
650 _aManagement
942 _cTB
_hX:8 Q0
999 _c1306493
_d1306493